000 01462cam a22003014a 4500
999 _c331922
_d331922
001 12860837
003 NUST
005 20171102121500.0
008 020719s2002 nyua b 001 0 eng
010 _a 2002028852
020 _a0471206946 (pbk. : alk. paper)
040 _aDLC
_cDLC
_dDLC
042 _apcc
050 0 0 _aTD756
_b.G43 2002
082 0 0 _a628.354 GER
_221
100 1 _aGerardi, Michael H.
_95850
245 1 0 _aSettleability problems and loss of solids in the activated sludge process /
_cMichael H. Gerardi.
260 _aNew York :
_bWiley-Interscience,
_cc2002.
300 _ax, 179 p. :
_bill. ;
_c26 cm.
440 0 _aWastewater microbiology series
_95851
440 0 _aEnvironmental Protection magazine series
_95852
500 _aP.B
504 _aIncludes bibliographical references (p. 163-165) and index.
650 0 _aSewage
_xPurification
_xActivated sludge process.
_95853
856 4 2 _3Contributor biographical information
_uhttp://www.loc.gov/catdir/bios/wiley044/2002028852.html
856 4 2 _3Publisher description
_uhttp://www.loc.gov/catdir/description/wiley037/2002028852.html
856 4 1 _3Table of contents
_uhttp://www.loc.gov/catdir/toc/wiley023/2002028852.html
906 _a7
_bcbc
_corignew
_d1
_eocip
_f20
_gy-gencatlg
942 _2ddc
_cBK
_kIESE